| 000 | 00830nam a22002535i 4500 | ||
|---|---|---|---|
| 001 | 175911 | ||
| 003 | ES-MaACL | ||
| 005 | 20230906215938.0 | ||
| 008 | 101130s1981 sp a |||| | spa d | ||
| 020 | _a84-286-2012-1 | ||
| 080 | _a616.72 | ||
| 080 | _a613.261 | ||
| 100 | 1 |
_aDextreit, Raymond. _944054 |
|
| 245 | 1 | 0 |
_aCura natural para artrÃticos y reumáticos / _cRaymond Dextreit ; [dibujos: Clara Noelle]. |
| 260 |
_aBarcelona : _bPomaire, _cD. L. 1981. |
||
| 300 |
_a104 p. : _bil. ; _c18 cm. |
||
| 490 | 1 | _aSalud total por medios naturales. La salud en mi bolsillo | |
| 650 | 0 | 4 |
_aArtritis. _910362 |
| 650 | 4 |
_aReumatismo. _9136831 |
|
| 700 | 1 |
_aNoelle, Clara. _9144123 |
|
| 830 | 0 |
_aSalud total por medios naturales. La salud en mi bolsillo _9189840 |
|
| 852 |
_aES-MaACL _jE-13729 |
||
| 999 |
_c175911 _d175911 |
||